AH International Schools' Libraries

Tintin and alph-art / (Record no. 49844)

MARC details
000 -LEADER
fixed length control field 00369nam a2200133 4500
020 ## - INTERNATIONAL STANDARD BOOK NUMBER
International Standard Book Number 9780316003759
041 ## - LANGUAGE CODE
Language code of text/sound track or separate title English.
Language code of original and/or intermediate translations of text French.
100 ## - MAIN ENTRY--PERSONAL NAME
Personal name Herge,
9 (RLIN) 86985
245 ## - TITLE STATEMENT
Title Tintin and alph-art /
Statement of responsibility, etc Herge.
260 ## - PUBLICATION, DISTRIBUTION, ETC. (IMPRINT)
Place of publication, distribution, etc London:
Name of publisher, distributor, etc Egmont;
Date of publication, distribution, etc 2011.
300 ## - PHYSICAL DESCRIPTION
Extent 62 p.
Other physical details col. ill.
Dimensions 29 cm.
650 ## - SUBJECT ADDED ENTRY--TOPICAL TERM
Topical term or geographic name as entry element Drawings. Tintin (fictional character)
9 (RLIN) 86987
942 ## - ADDED ENTRY ELEMENTS (KOHA)
Source of classification or shelving scheme
Koha item type Books/GRAPHICS
Holdings
Withdrawn status Lost status Source of classification or shelving scheme Damaged status Not for loan Collection code Home library Current library Shelving location Date acquired Total Checkouts Full call number Barcode Date last seen Date checked out Price effective from Koha item type
          SECONDARY Asian Hope Secondary Library Asian Hope Secondary Library SECONDARY 12/05/2025 1 J GRAPHIX HER 208614 03/31/2026 03/24/2026 12/05/2025 Books/GRAPHICS

For any Logos Library related questions please contact Miss Art at swongnarasuk@asianhope.org.

For any Asian Hope Library related questions please contact Miss Raza at graza@asianhope.org.

Powered by Koha